| 000 | 00368cam a2200145ua 4500 | ||
|---|---|---|---|
| 041 |
_aeng _h |
||
| 082 |
_a028.7163 _bSIN/HA |
||
| 100 | _aSingh, S.S . | ||
| 245 | 0 | 0 |
_aHand book of agricultural science / _cS.S Singh. _hTextual Documents |
| 260 |
_aNew Delhi : _bKalyani Publishers , _c1995. |
||
| 300 | _a815 ; . | ||
| 504 | _a | ||
| 942 | _cBK | ||
| 999 |
_c6777 _d6777 |
||